Score 0/20 Timer 06:00
0 Plays Today
Hint Answer % Correct
Pepsi
98.9%
Puma
98.9%
Pizza Hut
97.7%
Pringles
97.6%
Playboy
95.8%
Paramount
95.6%
Post-it
94.5%
PlayStation
91.1%
Panda Express
91.1%
Papa John's
90.9%
Hint Answer % Correct
PayPal
89%
Pinterest
83.1%
Porsche
79.7%
Green Bay Packers
72%
Perrier
69.6%
Philadelphia Phillies
68.7%
New Orleans Pelicans
67%
Pennzoil
59.7%
Peugeot
57.2%
Paris Saint-Germain F.C.
43.6%
Remove Ads.
Support Sporcle.
Get the best of Sporcle when you Go Orange. This ad-free experience offers more features, more stats, and more fun while also helping to support Sporcle. Thank you for becoming a member.

You're not logged in!

Compare scores with friends on all Sporcle quizzes.
OR
Log In

Show Comments

Extras

Top Quizzes Today


Score Distribution

Your Account Isn't Verified!

In order to create a playlist on Sporcle, you need to verify the email address you used during registration. Go to your Sporcle Settings to finish the process.

Report this User

Report this user for behavior that violates our Community Guidelines.

Details: